Estatísticas para Planetas do Sistema Solar

Clique aqui para jogar o quiz

Estatísticas Gerais

  • Esse quiz foi jogado 51 189 vezes
  • A pontuação média é 8 de 8

Estatísticas das Respostas

#Planeta% Correto
3Terra
99%
4Marte
98%
6Saturno
97%
5Júpiter
94%
7Urano
92%
8Netuno
91%
2Vênus
91%
1Mercúrio
89%

Distribuição das Pontuações

Percentil de Números Respondidos

Porcentagem de Pessoas com Cada Pontuação

Sua Pontuação Histórica

Você não jogou esse quiz